Statistics for AP United States Government and Politics #3

Click here to take the quiz!

General Stats

  • This quiz has been taken 5 times
  • The average score is 2 of 5

Answer Stats

HintAnswer% Correct
Unit 5Political Participation
100%
Unit 1Foundations of American Democracy
50%
Unit 4American Political Ideologies and Beliefs
25%
Unit 3Civil Liberties and Civil Rights
25%
Unit 2Interactions Among Branches of Government
25%

Score Distribution

Percentile by Number Answered

Percent of People with Each Score

Your Score History

You have not taken this quiz